| 000 | 01532nam a2200313 a 4500 | ||
|---|---|---|---|
| 001 | 62288 | ||
| 003 | BD-RjUL | ||
| 005 | 20211209081050.0 | ||
| 008 | 170214s1993 bg a o eng | | ||
| 020 |
_a9845080634 _c: Complimentary |
||
| 020 |
_a9845080634 _c: Tk. 400.00 (Inland) |
||
| 035 | _a(BD-RjUL)62414 | ||
| 040 |
_aANL _beng _dANL _cBD-RjUL |
||
| 041 | _aeng | ||
| 082 |
_223 _a304.6095492021 _bRAS 1993 (CS) |
||
| 110 |
_aBangladesh Bureau of Statistics _9179266 |
||
| 245 | 1 | 0 |
_aBangladesh population census, 1991 = বাংলাদেশ আদমশুমারী, ১৯৯১ : _bCommunity series, Zila: Rajshahi = কমিউনিটি সিরিজ, জেলা: রাজশাহী / _cBangladesh Bureau of Statistics |
| 246 |
_aবাংলাদেশ আদমশুমারী, ১৯৯১ : _bকমিউনিটি সিরিজ, জেলা: রাজশাহী |
||
| 260 |
_aDhaka, : _bBangladesh Bureau of Statistics, _c1993 |
||
| 300 |
_axiv, 337 p. : _bill ; _c28 cm. |
||
| 490 | _aCommunity series, Zila: Rajshahi | ||
| 490 | _aকমিউনিটি সিরিজ, জেলা: রাজশাহী | ||
| 500 | _aPrefatory matter in Bengali and English. | ||
| 651 |
_aBangladesh _zRajshahi _xCensus, 1991 _9191000 |
||
| 651 |
_aBangladesh _zRajshahi _xPopulation _vStatistics _y1991 _9191001 |
||
| 830 |
_aCommunity series, Zila: Rajshahi _9184401 |
||
| 830 |
_aকমিউনিটি সিরিজ, জেলা: রাজশাহী _9179981 |
||
| 942 |
_2ddc _cRAR |
||
| 999 |
_c62288 _d62288 |
||